00226nam a2200097Ia 4500008004100000100000900041245004500050260000900095942000700104999001700111190216s9999||||xx |||||||||||||| ||und|| aNull 0aHindi-Maksvathi Kavya Shashthr Ki Nomika bNull cBK c17860d17860